Gravitation
Αποθηκεύτηκε σε:
| Κύριοι συγγραφείς: | , , |
|---|---|
| Μορφή: | Βιβλίο |
| Γλώσσα: | English |
| Δημοσίευση: |
San Francisco :
W. H. Freeman,
[1973].
|
| Θέματα: | |
| Ετικέτες: |
Προσθήκη ετικέτας
Δεν υπάρχουν, Καταχωρήστε ετικέτα πρώτοι!
|
MARC
| LEADER | 00000cam a2200000 i 4500 | ||
|---|---|---|---|
| 001 | 1/41997 | ||
| 008 | 941103s1973####us | ||| |||| ||eng|| | ||
| 020 | |a 0716703440 | ||
| 035 | |l 10041648 | ||
| 035 | |a 1992 |c ΚΩΤΣΑΚΗΣ | ||
| 040 | |a GR-MyUA |b gre |e AACR2 | ||
| 041 | 0 | |a eng | |
| 082 | 0 | |a 531.14 | |
| 100 | 1 | |a Misner, Charles W. | |
| 245 | 1 | 0 | |a Gravitation / |c [by] Charles W. Misner, Kip S. Thorne [and] John Archibald Wheeler. |
| 260 | |a San Francisco : |b W. H. Freeman, |c [1973]. | ||
| 300 | |a xxvi, 1279 σ. : |b εικ ; |c 26 εκ. | ||
| 504 | |a Βιβλιογραφία: σ. [1221]-1254. | ||
| 650 | 0 | 0 | |a Gravitation. |
| 650 | 0 | 0 | |a Astrophysics. |
| 650 | 0 | 0 | |a General relativity (Physics) |
| 700 | 1 | |a Thorne, Kip S. |e aut | |
| 700 | 1 | |a Wheeler, John Archibald, |d 1911-2008, |e aut | |
| 852 | |a INST |b SAMOS |e 19941103 |h 531.14 MIS |p 005300006421 |q 005300006421 |t BK |y 0 | ||
| 909 | |a Σ |b 024216 | ||